NLSUI OPAC header image

The karnataka land revenue act, 1964 and rules, 1966 (Record no. 22184)

MARC details
000 -LEADER
fixed length control field 00430nam a2200157Ia 4500
008 - FIXED-LENGTH DATA ELEMENTS--GENERAL INFORMATION
fixed length control field 160316s2002 xxu||||| |||| 00| 0 eng d
082 ## - DEWEY DECIMAL CLASSIFICATION NUMBER
Classification number 346.044000
Item number PYA
100 ## - MAIN ENTRY--PERSONAL NAME
Personal name Pyari S Radha
245 ## - TITLE STATEMENT
Title The karnataka land revenue act, 1964 and rules, 1966
250 ## - EDITION STATEMENT
Edition statement
260 ## - PUBLICATION, DISTRIBUTION, ETC.
Place of publication, distribution, etc. Bangalore
Name of publisher, distributor, etc. Sun Publishing House
Date of publication, distribution, etc. 2002
300 ## - PHYSICAL DESCRIPTION
Extent 432p
Other physical details
Dimensions xx
365 ## - TRADE PRICE
Price amount Rs.225
650 ## - SUBJECT ADDED ENTRY--TOPICAL TERM
Topical term or geographic name entry element 1. Karnataka Land Revenue - 1964
700 ## - ADDED ENTRY--PERSONAL NAME
Personal name
--
Holdings
Withdrawn status Lost status Damaged status Not for loan Home library Current library Shelving location Date acquired Cost, normal purchase price Total Checkouts Full call number Barcode Date last seen Price effective from Koha item type
        . .   30.05.2017 225.00   346.044 PYA 20147 14.06.2024 30.05.2017 BOOKs